00887 2200349 4500001002100000005001500021035002000036007000300056008004100059020002200100040001700122082001400139084001600153090001900169090001800188100001400206245004600220250001700266260004000283300003700323650001200360700000900372850001200381041000800393504002800401990001800429990001800447990001800465990001800483990001800501990001800519INLIS00000000081686720181030040205 a0010-0918000304ta180907r2016 yoia b 1 ind d a978-602-1674-94-9 aYOPDYOGbind04223a372.4 a372.4 FAD b aPK 372.4 FAD b aK 372.4 FAD b0 aFadli, M.1 aBelajar membaca /cM. Fadli; editor, Muna aCetakan 2016 aBantul :bPustaka Baru Press,c2016 a32 halaman :bilustrasi ;c28 cm 4aMembaca0 aMuna aYOPDYOG0 aind aBibliografi: halaman 33 a29929-PD/B.17 a29930-PD/B.17 a29931-PD/B.17 a36879-PD/B.18 a36880-PD/B.18 a36881-PD/B.18